| 000 | 01201nam a22002537a 4500 | ||
|---|---|---|---|
| 005 | 20170124103203.0 | ||
| 010 | _aB-091603 | ||
| 020 |
_c150.00 _a817721060 |
||
| 035 | _aB-091603 | ||
| 037 | _bCen Lib/Ret | ||
| 040 |
_aDPL _bHN |
||
| 082 |
_a551.21 _bशर्माश्या |
||
| 100 |
_aशर्मा, श्यामसुंदर _99690 |
||
| 245 |
_aज्वालामुखी : _cश्यामसुंदर शर्मा _bभयंकरतम प्राकृतिक आपदा / |
||
| 246 |
_aJwalamukhi : bhayanaktam prakritik aapda / _bby Shyam Sunder Sharma |
||
| 260 |
_aदिल्ली _bसत्साहित्य प्रकाशन _c2004 |
||
| 270 |
_bदिल्ली _a205-बी, चावडी बाज़ार _e110006 |
||
| 300 |
_a142पृ. : _c21सेमी (सजिल्द) _bसचित्र |
||
| 650 |
_aप्राकृतिक आपदा -- ज्वालामुखी _992583 |
||
| 650 |
_aभयंकरतम आपदा _9147 |
||
| 650 |
_aNatural disasters -- Volcanic _992584 |
||
| 650 |
_aFrightful disaster _992585 |
||
| 942 |
_2ddc _cHN _h551.21 _mशर्माश्या |
||
| 999 |
_c120777 _d120777 |
||